| 000 | 00919nam a2200253Ia 4500 | ||
|---|---|---|---|
| 003 | OSt | ||
| 005 | 20221005110028.0 | ||
| 006 | a|||||r|||| 00| 0 | ||
| 007 | ta | ||
| 008 | 221004b |||||||| |||| 00| 0 hin d | ||
| 020 |
_a8126017007 (hbk) _c1250 |
||
| 024 | _a92050 | ||
| 037 |
_b535, 19/03/2009, Vani Prakashan _cTextual |
||
| 040 |
_aCRL _cCRL _bhin |
||
| 041 |
_2hin _ahin |
||
| 082 | _aO152,3(Y5927)x, P3;P9 | ||
| 100 | _aगुप्ता, रमणिका, संपा. | ||
| 245 | 0 | _aदलित कहानी संचयन | |
| 246 | _aDalit kahānī sanchayana | ||
| 260 |
_aनई दिल्ली _bसाहित्य अकादेमी भारत _c2009 |
||
| 300 |
_a399पृ0 _ccm. |
||
| 942 |
_hO152,3(Y5927)x, P3;P9 _cTEXL _2cc |
||
| 999 |
_c1017575 _d1017575 |
||